Statistics for Nice 2020's Starting XI

Click here to take the quiz!

General Stats

  • This quiz has been taken 293 times
    (26 since last reset)
  • The average score is 16 of 34

Answer Stats

Player% Correct
Mario Lemina
91%
Kasper Schmeichel
86%
Aaron Ramsey
82%
Dante
82%
Kasper Dolberg
77%
Jeremie Boga
73%
Marcin Bułka
73%
Walter Benítez
73%
Jean-Clair Todibo
68%
Nicolas Pépé
64%
Terem Moffi
64%
Khéphren Thuram
59%
Melvin Bard
59%
Andy Delort
55%
Gaëtan Laborde
55%
Pablo Rosario
55%
Jordan Lotomba
50%
Hicham Boudaoui
41%
Hicham Boudaoui
41%
Morgan Sanson
41%
Rony Lopes
41%
William Saliba
41%
Adam Ounas
36%
Justin Kluivert
36%
Amine Gouiri
32%
Hassane Kamara
32%
Alexis Claude-Maurice
23%
Morgan Schneiderlin
23%
Pierre Lees-Melou
23%
Ignatius Ganago
18%
Wylan Cyprien
18%
Malang Sarr
9%
Patrick Burner
9%
Stanley N'Soki
9%

Score Distribution

Percentile by Number Answered

Percent of People with Each Score

Your Score History

You have not taken this quiz since the last reset